00727nam a2200205 a 450000100100000000500170001000800410002702000150006804000250008308200150010810000270012324000410015024500700019126000540026130000210031559000260033670000290036295201130039199900170050400003995820201002033830.0130731s1992 ag r 000 0 spa d a9501512444 aDO-SdBNPbspacBNPHU axxxxbxxxx1 aWeiss, Brian L.96617510aThrough time into healinglEspañol10aA traves del tiempo /cBrian L. Weiss ; traducción Edith Zilli. aBuenos Aires, Argentina :bJavier Vergara,c1992. a228 p. ;c22 cm. aInventariado, 2019/BT1 aZilli, Edith,etr.93228 001050718MOaGRbGRcHDd2013-07-31iLF1l0oxxxx xxxxp39958-10r2020-06-25w2020-06-25y1ZNo se presta c39448d39448